Quizzes
Events
Quiz Creation
Community
Videos
Private Events
Remove Ads
Sign In
Join for FREE
Feedback
Dark Mode
Quiz Categories
Sports
Geography
Music
Movies
Television
Just For Fun
Miscellaneous
History
Literature
Language
Science
Gaming
Entertainment
Religion
Holiday
For Kids
Quiz Lab
Recent
Popular Today
Quiz Kudos Today
Editor Picks
Curator Picks
Quizzes by...
Day
Popularity
Type
Ratings
Length
Year
Community
Subscriptions
Recent Discussions
Orange Saloon
Badges
Playlists
Quests
Create
Leaderboards
Showdown
Live 5
Trivia Bingo
Activity
Puzzle Library
Sporcle Events
Private Events
Virtual Trivia
Globe League
Become a Host
Pub Owners
SporcleCon
Opinionation
Our Games
Videos
Blog
Mobile Apps
Partnerships
Remove Ads and Go Orange
Feedback
History
US Presidents
World Leaders
Politics
Nation
Discovery
War
Decade
Year
Century
Biography
Art
History
US Presidents
World Leaders
Politics
Nation
Discovery
War
Decade
Year
Century
Biography
Art
Random Quiz
Search Sporcle
×
Quiz Lab
Quiz Lab
History
King George
Type in answers that appear in a list
Type in answers that appear in a list
Classic
Best Score? Go Orange.
A Proclamation by the King, August 23, 1775 Stats
A Proclamation by the King George III for Supressing Rebellion and Sedition in alphabetical order
By
Swissvale
20m
172 Questions
27 Plays
27 Plays
27 Plays
Comments
Comments
Give Quiz Kudos
Give Quiz Kudos
-
- Ratings
hide this ad
Replay
Link that replays current quiz
Next Quiz
Link to next quiz in quiz playlist
You Got
0%
They Got
Avg Score
18%
Avg Friend Score
Upgrade to see
Score Distribution
Jump to the score distribution portion of the page
Score
0/172
Timer
20:00
0
Plays Today
Number of Times Used
Answer
% Correct
1
a
92.6%
18
the
88.9%
36
and
77.8%
17
of
66.7%
9
in
63%
1
is
63%
2
colonies
59.3%
2
America
55.6%
1
be
55.6%
6
rebellion
55.6%
1
for
51.9%
2
on
51.9%
22
to
51.9%
2
are
48.1%
2
we
48.1%
2
shall
40.7%
1
who
40.7%
1
will
40.7%
1
one
37%
13
our
37%
4
there (fore)(of)(unto)
37%
2
where (as)
37%
4
against
33.3%
6
all
33.3%
1
at
33.3%
5
by
33.3%
1
do
33.3%
1
not
33.3%
6
or
33.3%
2
this
33.3%
1
war
33.3%
3
any
29.6%
1
proclamation
29.6%
5
subjects
29.6%
3
they
29.6%
2
have
25.9%
2
north
25.9%
2
open
25.9%
1
state
25.9%
7
that
25.9%
4
their
25.9%
3
us
25.9%
3
which
25.9%
1
after
22.2%
1
authors
22.2%
2
hath
22.2%
4
law (ful)
22.2%
3
loyal (ty)
22.2%
1
men
22.2%
1
now
22.2%
1
treasons
22.2%
1
declaring
18.5%
1
government
18.5%
2
make
18.5%
1
many
18.5%
2
order (ing)
18.5%
2
other (s)
18.5%
2
protected (ion)
18.5%
Number of Times Used
Answer
% Correct
1
same
18.5%
3
suppress (ion)
18.5%
2
them (selves)
18.5%
2
abetters (ing)
14.8%
1
acts
14.8%
2
aiding
14.8%
1
but
14.8%
2
conspiracies
14.8%
2
crown
14.8%
1
duty
14.8%
1
ill
14.8%
1
justice
14.8%
3
know (n)
14.8%
1
owe
14.8%
1
peace
14.8%
3
persons
14.8%
1
power
14.8%
1
royal
14.8%
2
through
14.8%
6
traitorous
14.8%
1
use
14.8%
4
with (in)
14.8%
1
allegiance
11.1%
1
arms
11.1%
1
arraying
11.1%
1
dangerous
11.1%
2
disclose
11.1%
1
disorderly
11.1%
1
dominions
11.1%
1
doubt
11.1%
1
due
11.1%
1
end
11.1%
1
forgetting
11.1%
1
found
11.1%
1
hereby
11.1%
1
hostile
11.1%
1
issue
11.1%
2
manner
11.1%
1
may
11.1%
1
none
11.1%
1
obedient
11.1%
1
only
11.1%
1
public
11.1%
2
realm
11.1%
1
supported
11.1%
1
thought
11.1%
1
various
11.1%
1
violate
11.1%
1
well
11.1%
1
zeal
11.1%
1
advice
7.4%
1
afford
7.4%
1
apprehend
7.4%
3
assisting
7.4%
1
attempts
7.4%
1
avowed
7.4%
3
belonging
7.4%
1
bound
7.4%
Number of Times Used
Answer
% Correct
2
bring
7.4%
2
carrying
7.4%
2
civil
7.4%
1
comfort
7.4%
1
commerce
7.4%
1
committed
7.4%
2
correspondence
7.4%
1
counsels
7.4%
1
council
7.4%
1
degree
7.4%
2
designs (ing)
7.4%
1
desperate
7.4%
2
dignity
7.4%
1
disturbance
7.4%
2
diverse
7.4%
1
encouraged
7.4%
2
endeavours
7.4%
1
execution
7.4%
1
exert
7.4%
1
fit
7.4%
1
full
7.4%
1
ignorance
7.4%
1
information
7.4%
1
length
7.4%
1
levying
7.4%
2
military
7.4%
1
much
7.4%
1
neglect
7.4%
1
obliged
7.4%
1
obstruction
7.4%
1
officers
7.4%
1
oppression
7.4%
1
perpetrators
7.4%
2
plantations
7.4%
1
preparing
7.4%
1
privy
7.4%
1
proceeded
7.4%
1
promoted
7.4%
1
proper
7.4%
1
punishment
7.4%
1
purpose
7.4%
1
reason
7.4%
1
secretaries
7.4%
5
such
7.4%
1
transmit
7.4%
2
utmost
7.4%
1
wicked
7.4%
2
withstand
7.4%
1
accordingly
3.7%
1
charge
3.7%
1
command
3.7%
1
consign
3.7%
1
misled
3.7%
1
parts
3.7%
1
principal
3.7%
1
strictly
3.7%
Quiz Playlist
Details
Report
Send in Message
Add To Playlist
Classic:
Type in answers that appear in a list
Quiz Source
Last Updated: Feb 16, 2017
Quiz Scoreboard
CHALLENGE
Sign Up to Join the Scoreboard
Show All
Scores
Hide
Comments
May contain spoilers
Recently Published
Movies - When Are They Set?
by FPL_Elf
Movies
5m
Popular People in 1961
by mucciniale
History
6m
1-10 Letter E Words III
by El_Dandy
Language
2m
More to Explore
Quiz From the Vault
Featured Blog Post
Where Did the Easter Bunny Come From?
hide this ad
You Might Also Like...
Tags
1776
Colony
King George
Revolutionist
Today's Top Quizzes in History
Browse History
hide this ad
Today's Top Quizzes in King George
Browse King George
Top Contributed Quizzes in History
1
Popular People in 1991
2
Popular People in 1981
3
Popular People in 1951
4
Popular People in 1941
5
Popular People in 1986
6
Popular People in 1921
7
Popular People in 1976
8
I Am Born On March 28th
9
Popular People in 1946
10
Popular People in 1936
Explore More
Trending Topics
Anime
Kpop
NBA
Disney
Harry Potter
Crossword
Marvel
Puzzle
Pokémon
Country
Soccer
The Office
WWE
Song
NFL
hide this ad
More By:
Swissvale
Quiz
Plays
Rating
Category
Featured
Created
MLB One Man Team: Offense
40,767
4.62
Sports
Apr 16, 2014
MLB - More Than Their Fair Share
7,001
4.90
Sports
Apr 18, 2014
True or False - Highest Career WAR by State of Birth
6,108
4.33
Sports
Apr 22, 2014
People on Time Magazine Covers by State
1,603
4.78
History
Oct 11, 2013
Do You Know The Lyrics To 'Brandy'
1,008
5.00
Music
Aug 5, 2013
Go to Creator's Profile
Score Distribution
Quiz Creator Spotlight
Swissvale
Follow
Send a Message
Quizzes Created
-
Created Quiz Play Count
-
More By This Creator
Popular Quizzes Today
1
Find the US States - No Outlines Minefield
2
Find the Countries of Europe - No Outlines Minefield
3
The Countries of the World
4
Popular People in 1961
5
1-10 Letter E Words III
6
US States
7
Find the US States
8
One Thing in Common: World Cities II
More History Quizzes
Click the 2024 Super Tuesday States
Published
Trending Quizzes
Risky Map Clicking: Least Populous States A-Z
1-10 Letter F Words
1-10 Letter G Words
One Thing in Common: United Kingdom
Risky Map Clicking: Next State Alphabetically
Recently Updated
Leaping Animals
pecheneg
Reality TV Shows (A-Z)
bhenderson79
Rickey Henderson's Hall of Fame Teammates
pecheneg
Champions League XIs: Arsenal
pecheneg
Quick Pick: Celebrities in WWE's Hall of Fame
aduchscher
A-Z Keypad Blitz II
pecheneg
Multiple Oscar Actors
pecheneg
Mystery Phrase Blitz: Oscar 'Best Actors'
pecheneg
F. Scott Fitzgerald Novels
LTH
Pick 3 Villains
ddd62291
Trending Topics
Marvel
Disney
Harry Potter
Crossword
NBA
Kpop
Anime
WWE
Country
The Office
NFL
Soccer
Puzzle
Song
Pokémon
Your Account Isn't Verified!
In order to create a playlist on Sporcle, you need to verify the email address you used during registration. Go to your
Sporcle Settings
to finish the process.
Report this User
Report this user for behavior that violates our
Community Guidelines
.
Details:
Send Report
Go to the Sporcle.com Mobile Site →
Comments